Massachusetts Geography Quiz - Sudden Death - Statistics

General Stats
  • This quiz has been taken 383 times
    166 since last reset
  • The average score is 13 of 20
Answers on the Grid
Answers color-coded by a green-red scale on the quiz's grid according to % correct below.
Acadia National Park
Adirondack Mountains
Appalachian Mountains
Atlantic Ocean
Bangor
Block Island
Boston
Bunker Hill
Cambridge
Cape Cod
Charles River
Chesapeake Bay
Concord
Connecticut River
Delaware Water Gap
Erie Canal
Finger Lakes
Freeport
Gulf of Mexico
Hartford
Hudson River
Hyannis
Lake Erie
Lake Ontario
Lake Tahoe
Lexington
Martha's Vineyard
Mount Greylock
Nantucket
Niagara Falls
Ohio River
Pioneer Valley
Plymouth
Scranton
Shenandoah Valley National Park
Springfield
Syracuse
The Berkshires
Walden Pond
Worcester
 
Answer Stats
Answer % Correct
Boston
93%
Atlantic Ocean
89%
Cambridge
83%
Cape Cod
83%
Bunker Hill
82%
Martha's Vineyard
74%
Nantucket
72%
Charles River
71%
Plymouth
70%
Worcester
69%
Springfield
68%
Lexington
63%
Walden Pond
62%
Connecticut River
59%
The Berkshires
59%
Appalachian Mountains
56%
Hyannis
52%
Concord
51%
Mount Greylock
46%
Pioneer Valley
43%
No matching quizzes found
Score Distribution
Percent of People with Each Score
Percentile by Number Answered
Your Score History
You have not taken this quiz since the last reset